Suurimmat kunnat pinta-alan ja väkiluvun yhdistelmän mukaan - Statistics

Yleistilastot
  • Tätä visaa on pelattu 444 kertaa
  • Keskiarvotulos 13 / 22
Vastaustilastot
Keskiarvo Kunta % Oikein
13 Oulu
94%
11 Rovaniemi
94%
31,5 Jyväskylä
89%
10,5 Kuopio
89%
17,5 Joensuu
86%
43 Pori
77%
17,5 Kouvola
74%
28,5 Lappeenranta
74%
35 Seinäjoki
73%
30,5 Kajaani
70%
19 Mikkeli
70%
24,5 Hämeenlinna
65%
26,5 Savonlinna
64%
37,5 Kokkola
58%
26 Salo
58%
42,5 Kuusamo
53%
53 Lohja
36%
50,5 Jämsä
29%
50 Ylöjärvi
28%
47 Sastamala
26%
52 Pieksämäki
20%
50 Kurikka
18%
Ehtoja vastaavia visoja ei löytynyt
Tulosjakauma
Jokaisen tuloksen saaneiden osuus
Persentiili vastausten määrän mukaan
Tuloshistoriasi
Et ole pelannut tätä visaa